|
|
|
|
| LEADER |
00632cam a2200217 a 4500 |
| 001 |
0000076308 |
| 005 |
20050223090000.0 |
| 040 |
|
|
|a mod
|
| 041 |
|
|
|a eng
|
| 020 |
0 |
0 |
|a 9839127008
|
| 090 |
0 |
0 |
|a 959.54
|b YUS
|e 1996
|
| 100 |
0 |
0 |
|a Yusuf Puteh
|f Awang
|
| 245 |
1 |
4 |
|a The Malay culture of Sarawak
|c Abang Yusuf Puteh
|
| 250 |
0 |
0 |
|a "1st May 1996."
|
| 260 |
0 |
0 |
|a Kuching
|b Shobra Publications Sdn. Bhd.
|c 1996
|
| 300 |
0 |
0 |
|a 127p.
|c 22cm
|
| 440 |
0 |
0 |
|a Sarawak Malays series
|
| 650 |
0 |
0 |
|a Sarawak Civilization.
|
| 650 |
0 |
0 |
|a Malays Malaysia Sarawak
|
| 852 |
0 |
0 |
|a 01
|
| 999 |
|
|
|a H0008843
|b KEMENTAH
|d BOOKS
|e Umum
|f Perpustakaan KEMENTAH
|j AVAILABLE
|q GOOD CONDITION
|